[Event "AUTO-OPEN-1090"]
[Site "http://www.queenalice.com/game.php?id=386396"]
[Date "2008.4.12"]
[Round "1"]
[White "mielke57"]
[Black "Nemer"]
[Result "0-1"]
[WhiteElo "1100"]
[BlackElo "1522"]

1. e4 e5 2. Nf3 Nc6 3. Ng5 Qxg5 4. d4 Qh4 5. g3 Qxe4+ 6. Be2 Qxh1+ 7. Bf1 Qe4+
8. Be3 exd4 9. Bd3 Qh1+ 10. Kd2 dxe3+ 11. fxe3 Qxh2+ 12. Kc1 Qxg3 13. Qe2 d6 14.
Nc3 Nf6 15. Nb5 Nd5 16. e4 Bg4 17. Qf1 Ne3 18. Qh1 O-O-O 19. Bc4 Nxc4 20. e5
Qxe5 21. Qg1 Qxb2# 0-1

[Event "AUTO-OPEN-1090"]
[Site "http://www.queenalice.com/game.php?id=386397"]
[Date "2008.4.12"]
[Round "1"]
[White "Nemer"]
[Black "mielke57"]
[Result "1-0"]
[WhiteElo "1526"]
[BlackElo "1100"]

1. e4 e5 2. Nf3 d6 3. d4 Bg4 4. d5 Nf6 5. Nc3 Nh5 6. Bg5 f6 7. Bh4 g5 8. Bg3 f5
9. exf5 Nf6 10. Bb5+ Nbd7 11. h3 Bh5 12. Qd2 e4 13. Nxg5 e3 14. fxe3 c6 15. Ne6
Qe7 16. Be2 Bh6 17. O-O cxd5 18. Nxd5 Ne4 19. Qd1 Qf7 20. Bxh5 Bxe3+ 21. Nxe3
Nxg3 22. Bxf7+ Kxf7 23. Ng5+ Ke8 24. Rf3 Nh5 25. Qxd6 Rd8 26. Qe6+ Kf8 27. Nf7
Re8 28. Qxd7 Rg8 29. Nd6 Re7 30. Qd8+ Re8 31. Qxe8+ Kg7 32. f6+ Nxf6 33. Qf7+
Kh6 34. Qxf6+ Rg6 35. Nef5+ Kh5 36. g4+ Rxg4+ 37. hxg4+ Kxg4 38. Rff1 Kh3 39.
Qh4# 1-0

[Event "AUTO-OPEN-1090"]
[Site "http://www.queenalice.com/game.php?id=386398"]
[Date "2008.4.12"]
[Round "1"]
[White "mielke57"]
[Black "oentusiasta"]
[Result "0-1"]
[WhiteElo "1330"]
[BlackElo "1300"]

1. d4 e6 2. e4 d5 3. e5 c5 4. Nh3 cxd4 5. Ng5 f6 6. Nf3 Bc5 7. Bb5+ Bd7 8. Bd3
Nc6 9. c4 dxc4 10. Bxc4 Qc7 11. exf6 Nxf6 12. Ng5 Qe5+ 13. Qe2 Bb4+ 14. Kf1
Qxe2+ 15. Bxe2 O-O 16. Bc4 Rfe8 17. a3 Ba5 18. b4 Bc7 19. Ke1 h6 20. b5 Ne5 21.
b6 axb6 22. Nh3 Nxc4 23. Ra2 Ba4 24. g4 Bb3 25. Re2 Nxa3 26. Nxa3 Nd5 27. g5 d3
28. Re4 Nc3 29. Rg4 Be5 30. gxh6 d2+ 31. Kxd2 Rad8+ 32. Ke3 Nd5+ 33. Ke4 Nf6+
34. Kf3 Rd3+ 35. Kg2 Bd5+ 36. f3 Bxf3+ 37. Kf2 Nxg4+ 38. Kf1 Rd1# 0-1

[Event "AUTO-OPEN-1090"]
[Site "http://www.queenalice.com/game.php?id=386399"]
[Date "2008.4.12"]
[Round "1"]
[White "oentusiasta"]
[Black "mielke57"]
[Result "0-1"]
[WhiteElo "1515"]
[BlackElo "1258"]

1. e4 e5 2. f4 Nf6 3. Nc3 exf4 4. Nf3 d6 5. Bb5+ c6 6. Bc4 b5 7. Bb3 d5 8. d3 d4
9. Ng5 Be6 10. Ne2 Qa5+ 11. Bd2 b4 12. Bxf4 h6 13. O-O hxg5 14. Bxb8 Rxb8 15.
Bxe6 fxe6 16. Ng3 c5 17. e5 Nd5 18. Ne4 Ne3 19. Rxf8+ Rxf8 20. Qh5+ Kd8 21.
Qxg5+ Kc8 22. Nd6+ Kd7 23. Qxg7+ Kc6 24. Qe7 b3 25. cxb3 Qd2 26. Qg5 Rg8 27. Ne4
Qxb2 28. Qh6 Qxg2# 0-1

[Event "More chess fail"]
[Site "http://www.queenalice.com/game.php?id=388305"]
[Date "2008.4.15"]
[Round "-"]
[White "Lald"]
[Black "mielke57"]
[Result "0-1"]
[WhiteElo "1274"]
[BlackElo "1244"]

1. e4 e5 2. Nf3 d6 3. c3 Bd7 4. d4 exd4 5. cxd4 d5 6. e5 Nh6 7. Nc3 Bb4 8. a3
Ba5 9. b4 Bb6 10. Na4 Nc6 11. Nxb6 cxb6 12. Ng5 O-O 13. Bd3 g6 14. O-O f6 15.
exf6 Qb8 16. Nf3 Bg4 17. Bxh6 Nxd4 18. Bxf8 Qxf8 19. Rc1 Nxf3+ 20. gxf3 Bh3 21.
Re1 Qxf6 22. Rc7 Rf8 23. Rxb7 Qg5+ 24. Kh1 Qg2# 0-1

[Event "Even more chess fail"]
[Site "http://www.queenalice.com/game.php?id=388308"]
[Date "2008.4.15"]
[Round "-"]
[White "mielke57"]
[Black "Lald"]
[Result "1-0"]
[WhiteElo "1100"]
[BlackElo "1274"]

1. e4 e5 2. Nh3 Nf6 3. Bc4 d5 4. Bb5+ c6 5. Ba4 b5 6. Bb3 d4 7. Ng5 Be7 8. Nxf7
Qd6 9. Nxd6+ Bxd6 10. d3 Nbd7 11. g4 Nc5 12. g5 Nfd7 13. g6 hxg6 14. Qg4 Nf6 15.
Qxg6+ Kf8 16. Rg1 Ne8 17. Bf7 Bd7 18. Bxe8 Bxe8 19. Qxg7# 1-0